Espectáculo de la naturaleza, o conversaciones a cerca de las particularidades de la historia natural, que han parecido más apropósito para exercitar una curiosidad útil, y formarles la razón à los jóvenes lectores, parte quinta, que contiene lo que mira al hombre considerado en si mismo. (Record no. 8353)
[ view plain ]
| 000 -CABECERA | |
|---|---|
| campo de control de longitud fija | 01833nam a2200253 a 4500 |
| 001 - NÚMERO DE CONTROL | |
| campo de control | BRCA_8700 |
| 005 - FECHA Y HORA DE LA ÚLTIMA TRANSACCIÓN | |
| campo de control | 20190320210354.0 |
| 008 - DATOS DE LONGITUD FIJA--INFORMACIÓN GENERAL | |
| campo de control de longitud fija | 240117s1754----sp-a######---#000-0#spa-# |
| 041 ## - CÓDIGO DE LENGUA | |
| Código de lengua del texto/banda sonora o título independiente | spa |
| 044 ## - CÓDIGO DEL PAÍS DE LA ENTIDAD EDITORA/PRODUCTORA | |
| Código MARC del país | sp |
| 084 ## - OTRO NÚMERO DE CLASIFICACIÓN | |
| Número de clasificación | BE43 |
| Número de documento/Ítem | .P58 1754 |
| 100 1# - ENTRADA PRINCIPAL--NOMBRE DE PERSONA | |
| Nombre de persona | Pluche, Nöel Antoine |
| Fechas asociadas al nombre | 1688 - 1761 |
| 9 (RLIN) | 21346 |
| 245 10 - MENCIÓN DE TÍTULO | |
| Título | Espectáculo de la naturaleza, o conversaciones a cerca de las particularidades de la historia natural, que han parecido más apropósito para exercitar una curiosidad útil, y formarles la razón à los jóvenes lectores, parte quinta, que contiene lo que mira al hombre considerado en si mismo. |
| 260 ## - PUBLICACIÓN, DISTRIBUCIÓN, ETC. | |
| Lugar de publicación, distribución, etc. | Madrid |
| Nombre del editor, distribuidor, etc. | En la oficina de D. Gabriel Ramirez |
| Fecha de publicación, distribución, etc. | 1754 |
| 300 ## - DESCRIPCIÓN FÍSICA | |
| Extensión | [4] 279 p. (t.10) |
| Material acompañante/anejo | Con 17 laminas ilustradas |
| 500 ## - NOTA GENERAL | |
| Nota general | En portada: Con dedicatoria a la Reyna nuestra señora Doña María Bárbara. |
| 500 ## - NOTA GENERAL | |
| Nota general | Con marca de fuego: “Procedencia de la marca: Colegio Jesuita de San Francisco Xavier de la Ciudad de Querétaro(1). Institución: Provincia Mexicana de la Compañía de Jesús. Descripción: Iniciales S. Xr. Q. que se desata como S[an] X[avie]r [de] Q[uerétaro.]. Observaciones: A falta de un testimonio de pertenencia se hace la atribución de la marca en función a la realizada por David Saavedra Vega. Se espera localizar otro ejemplar que corrobore esta atribución. Ubicación de la marca en el libro: Canto superior” |
| 500 ## - NOTA GENERAL | |
| Nota general | Estado físico: presenta lomo desprendido, algunas hojas manchadas y cintas rotas |
| 650 14 - PUNTO DE ACCESO ADICIONAL DE MATERIA--TÉRMINO DE MATERIA | |
| Término de materia o nombre geográfico como elemento de entrada | Ciencias naturales |
| Subdivisión cronológica | Obras anteriores a 1800 |
| 9 (RLIN) | 21347 |
| 700 1# - PUNTO DE ACCESO ADICIONAL--NOMBRE DE PERSONA | |
| Nombre de persona | Terreros y Pando, Esteban (S.I.) |
| Fechas asociadas al nombre | 1707 - 1782 |
| Término indicativo de función/relación | tr. |
| 9 (RLIN) | 21677 |
| 856 ## - LOCALIZACIÓN Y ACCESO ELECTRÓNICOS | |
| Nombre del host | http://www.marcasdefuego.buap.mx:8180/xmLibris/projects/firebrand/item.jsp?repository=marcas_de_fuego&key=marcas_de_fuego_marcas_de_fuego_20151006120916_4064.xml&num=5 |
| 902 ## - CATALOGADOR | |
| Iniciales | CFM |
| 942 ## - ELEMENTOS DE PUNTO DE ACCESO ADICIONAL (KOHA) | |
| Fuente del sistema de clasificación o colocación | Library of Congress Classification |
| Tipo de ítem Koha | Libros |
| Estado de retiro | Estado de pérdida | Fuente del sistema de clasificación o colocación | Estado dañado | No para préstamo | Código de colección | Localización permanente | Ubicación/localización actual | Fecha de adquisición | Fuente de adquisición | Total de préstamos | Signatura topográfica completa | Código de barras | Fecha visto por última vez | Precio válido a partir de | Tipo de ítem Koha |
|---|---|---|---|---|---|---|---|---|---|---|---|---|---|---|---|
| El ejemplar forma parte de la colección y puede ser consultado según las políticas vigentes. | Library of Congress Classification | Conventual Franz Mayer | Biblioteca del Museo Franz Mayer (Rogerio Casas-Alatriste) | Biblioteca del Museo Franz Mayer (Rogerio Casas-Alatriste) | 24/01/2017 | Donación | BE43 .P58 1754 | CFM00040 | 22/03/2019 | 22/03/2019 | Libros |